[Event "Sautron op qual 19th"]
[Site "Sautron"]
[Date "2019.08.30"]
[Round "1.2"]
[White "Stephan, Victor"]
[Black "Schwarz, Gabriel"]
[Result "1-0"]
[WhiteElo "2413"]
[BlackElo "1561"]
[PlyCount "75"]
[EventDate "2019.08.30"]
[EventType "swiss"]
[EventRounds "6"]
[EventCountry "FRA"]
[SourceTitle "EXT 2021"]
[Source "ChessBase"]
[SourceDate "2020.10.23"]
[SourceVersion "1"]
[SourceVersionDate "2020.10.23"]
[SourceQuality "1"]

1. Nf3 Nf6 2. c4 g6 3. Nc3 Bg7 4. e4 d6 5. d4 0-0 6. Be2 c5 7. 0-0 cxd4 8. Nxd4 Nc6 9. Nc2 Bd7 10. Be3 Rc8 11. f3 a6 12. Qd2 Ne8 13. Rfd1 f5 14. Nd5 e6 15. Bg5 Nf6 16. Nxf6+ Bxf6 17. Bxf6 Qxf6 18. Qxd6 Rcd8 19. exf5 Bc8 20. Qa3 exf5 21. c5 Kg7 22. Qc3 Qxc3 23. bxc3 Be6 24. Nd4 Nxd4 25. cxd4 Bd5 26. Kf2 f4 27. Rd2 Rfe8 28. Rc1 Rd7 29. Bc4 Red8 30. Bxd5 Rxd5 31. Rc4 R8d7 32. Ke2 Re7+ 33. Kd3 Re3+ 34. Kc2 Kf6 35. Rb4 Re7 36. Kc3 Rc7 37. Rdb2 Re7 38. Rb6+ 1-0

[Event "Nantes op 7th"]
[Site "Nantes"]
[Date "2008.??.??"]
[Round "3"]
[White "Crouan, Stephane"]
[Black "Schwarz, Gabriel"]
[Result "1-0"]
[WhiteElo "2183"]
[BlackElo "1590"]
[PlyCount "29"]
[EventDate "2008.12.26"]
[EventType "swiss"]
[EventRounds "9"]
[EventCountry "FRA"]
[SourceTitle "CBM 128 Extra"]
[Source "ChessBase"]
[SourceDate "2009.03.05"]
[SourceVersion "2"]
[SourceVersionDate "2009.03.25"]
[SourceQuality "1"]

1. d4 Nf6 2. Bg5 d5 3. Bxf6 gxf6 4. e3 Bf5 5. c4 e5 6. Nc3 Bb4 7. dxe5 fxe5 8. cxd5 Be4 9. Qa4+ c6 10. Qxb4 Bxd5 11. Nxd5 cxd5 12. Bb5+ Nc6 13. Nf3 a6 14. Bxc6+ bxc6 15. Qc5 1-0